Frantz Fanon : (Record no. 170477)

MARC details
000 -LEADER
fixed length control field 00635nam a2200193 4500
005 - DATE AND TIME OF LATEST TRANSACTION
control field 20191216161057.0
010 ## - LCCN (DPL NO)
LC control number ENG-127152
020 ## - INTERNATIONAL STANDARD BOOK NUMBER
International Standard Book Number 9789352876877
Terms of availability 195.00
035 ## - SYSTEM CONTROL NUMBER
System control number EN-110684
037 ## - SOURCE OF ACQUISITION
Source of stock number/acquisition DBAD/PUB
082 ## - DEWEY DECIMAL CLASSIFICATION NUMBER
Classification number 306.095
100 ## - MAIN ENTRY--PERSONAL NAME
Personal name Ram Manoharan, Karthick
245 ## - TITLE STATEMENT
Title Frantz Fanon :
Statement of responsibility, etc by Karthick Ram Manoharan
Remainder of title identity and resistance /
260 ## - PUBLICATION, DISTRIBUTION, ETC. (IMPRINT)
Place of publication, distribution, etc Hyderabad
Name of publisher, distributor, etc Orient Blankswan Private
Date of publication, distribution, etc 2019
270 ## - ADDRESS
Address 3-6-752 Himayatnagar, Hyderabad
City Telangana
Postal code 500029
Electronic mail address indo@orientblackswan.com
300 ## - PHYSICAL DESCRIPTION
Extent xvi;118p .
Dimensions 21cm(pbk)
500 ## - GENERAL NOTE
General note Includes references
942 ## - ADDED ENTRY ELEMENTS (KOHA)
Source of classification or shelving scheme Dewey Decimal Classification
Item type English Books
Classification part 306.095
Call number suffix MAN
Holdings
Withdrawn status Lost status Not for loan Collection code Home library Current library Date acquired Source of acquisition Cost, normal purchase price Full call number Barcode Copy number Cost, replacement price Koha item type
      Non-fiction Central Library Central Library 16/12/2019 DBAD/PUB 195.00 306.095 MAN EN-110684 1 195.00 English Books

© Delhi Public Library
Hit Counter
free hit counter